Football Players to European Country - Statistics

General Stats
  • This quiz has been taken 100 times
  • The average score is 16 of 20
Answer Stats
Player Country % Correct
Christiano Ronaldo Portugal
98%
Gianluigi Buffon Italy
96%
Arjen Robben Netherlands
95%
Zlatan Ibrahimović Sweden
95%
David Beckham United Kingdom
95%
Zinedine Zidane France
94%
Manuel Neuer Germany
94%
Robert Lewandowski Poland
90%
Eden Hazard Belgium
89%
Sergio Ramos Spain
89%
Petr Čech Czech Republic
88%
Andriy Shevchenko Ukraine
85%
Luka Modrić Croatia
84%
Robbie Keane Ireland
81%
Ferenc Puskás Hungary
79%
Georgios Samaras Greece
76%
Hristo Stoichkov Bulgaria
66%
Marek Hamšík Slovakia
63%
Peter Jehle Liechtenstein
15%
Ivan Rakitić Switzerland
15%
No matching quizzes found
Score Distribution
Percent of People with Each Score
Percentile by Number Answered
Your Score History
You have not taken this quiz